Bharat that is India (Record no. 62245)
[ view plain ]
| 000 -LEADER | |
|---|---|
| fixed length control field | 00382nam a22001577a 4500 |
| 003 - CONTROL NUMBER IDENTIFIER | |
| control field | macl |
| 005 - DATE AND TIME OF LATEST TRANSACTION | |
| control field | 20200225160116.0 |
| 008 - FIXED-LENGTH DATA ELEMENTS--GENERAL INFORMATION | |
| fixed length control field | 200225b xxu||||| |||| 00| 0 eng d |
| 040 ## - CATALOGING SOURCE | |
| Transcribing agency | macl |
| 100 ## - MAIN ENTRY--PERSONAL NAME | |
| Personal name | Chand Sumer |
| 9 (RLIN) | 78456 |
| 245 ## - TITLE STATEMENT | |
| Title | Bharat that is India |
| 260 ## - PUBLICATION, DISTRIBUTION, ETC. (IMPRINT) | |
| Place of publication, distribution, etc. | new delhi |
| Name of publisher, distributor, etc. | Books india |
| Date of publication, distribution, etc. | 2015 |
| 600 ## - SUBJECT ADDED ENTRY--PERSONAL NAME | |
| Personal name | sumer chand |
| 9 (RLIN) | 78457 |
| 650 ## - SUBJECT ADDED ENTRY--TOPICAL TERM | |
| Topical term or geographic name as entry element | fiction |
| 9 (RLIN) | 78458 |
| 942 ## - ADDED ENTRY ELEMENTS (KOHA) | |
| Source of classification or shelving scheme | |
| Koha item type | Books |
No items available.









